Statistics for 10 Longest World Rivers

Click here to take the quiz!

General Stats

  • This quiz has been taken 62 times
  • The average score is 6 of 10

Answer Stats

Answer% Correct
Nile
100%
Amazon
98%
Mississippi
81%
Yangtze
71%
Yellow
71%
Congo
71%
Ob
42%
Amur
25%
Yenisei
21%
Parana
21%

Score Distribution

Percentile by Number Answered

Percent of People with Each Score

Your Score History

You have not taken this quiz